| 000 | 02309cam a22005174i 4500 | ||
|---|---|---|---|
| 003 | PE-LiUPU | ||
| 005 | 20250731172832.0 | ||
| 008 | 150826s2013 tnu r 001 0 eng d | ||
| 020 |
_a1433677067 _q(pbk.) |
||
| 020 |
_a9781433677069 _q(pbk.) |
||
| 035 | _a(Sirsi) i9781433677069 | ||
| 040 |
_aDLC _beng _cDLC _dPE-LiUPU _erda |
||
| 049 | _aPRUA | ||
| 050 | 0 | 0 |
_aBV4501.3 _b.E265 2013 |
| 082 | 0 | 4 |
_a248 _bE11 |
| 100 | 1 |
_aEarley, Dave, _d1959- , _eautor. |
|
| 245 | 1 | 0 |
_aDisciple making is... : _bhow to live the great commission with passion and confidence / _cDave Earley and Rod Dempsey. |
| 264 | 1 |
_aNashville, Tennessee : _bB&H Avademic, _c[2013]. |
|
| 300 |
_axi, 293 páginas ; _c23 centímetros |
||
| 336 |
_atext _2rdacontent |
||
| 337 |
_aunmediated _2rdamedia |
||
| 338 |
_avolume _2rdacarrier |
||
| 500 | _aIncludes index. | ||
| 505 | 0 | _aDisciple-making philosophy : biblical and theological foundations -- Disciple-making basics : being a disciple -- Disciple-making methods : making a disciple -- Disciple-making models : pastoral leadership and the local church. | |
| 520 | _aIn brief yet hard-hitting chapters, the entire scope of disciple making is presented here in a way that will inspire and inform you to obey the Great Commission with great passion. The authors share practical insights on how best to reproduce confident reproducers of Christ's message. --from back cover. | ||
| 526 | _aSEG42 | ||
| 526 | _aSEG41 | ||
| 526 | _aSEG40 | ||
| 526 | _aSEG39 | ||
| 526 | _aP94 | ||
| 526 | _aP87 | ||
| 526 | _aP86 | ||
| 526 | _aP85 | ||
| 526 | _aP77 | ||
| 526 | _aP76 | ||
| 526 | _aP35 | ||
| 650 | 0 | _aVida cristiana. | |
| 700 | 1 | _aDempsey, Rod. | |
| 910 |
_ardg _bjck _crdg _d20150826 |
||
| 942 |
_2ddc _cBOOK |
||
| 949 |
_aPGT 248 E11 _wDEWEY _c1 _i71957 _lCCODEBUL1 _mBUL _p18.00 _r0 _sY _tBOOK _u2015-8-26 _xTEOLOGIA _PP85 _0COMPRA _o.CIRCNOTE. No olvidar cambiar la fecha de devolución!!!!!!! _o.STAFF. Posgrado |
||
| 994 |
_aC0 _bPEPRU |
||
| 596 | _a1 | ||
| 999 |
_aPGT 248 E11 _wDEWEY _c6851 _i71957 _d6851 _f2021-11-10 _g5 _lCCODEBUL1 _mBUL _p18.00 _q1 _r0 _sY _tBOOK _u2015-8-26 _xTEOLOGIA _PP85 _0COMPRA _o.CIRCNOTE. No olvidar cambiar la fecha de devolución!!!!!!! _o.STAFF. Posgrado |
||
| 980 |
_81 _gALBERTO SANCHEZ Responsable de Automatización |
||